000 00678nam a2200229Ia 4500
003 GCL
008 140319s9999 xx 000 0 ara d
040 _aGCL /
_cGCL
082 0 4 _aم
_b403.025
_bس ق
100 1 _aسلوى على ميلاد
245 1 0 _aقاموس مصطلحات الوثائق والارشيف : عربى - فرنسى - انجليزى /
_cسلوى على ميلاد
700 1 _aتوفيق اسكندر
300 _a96 ص
490 _aماذا اعرف
_v0
650 0 4 _aانجليزى
650 0 4 _aعربى
650 0 4 _aالقواميس
650 0 4 _aالوثائق
650 0 4 _aالارشيف
650 0 4 _aفرنسى
942 _2ddc
_cREF
999 _c59622
_d59622